Entry Nombre personal
001 - NÚMERO DE CONTROL
- campo de control: 114201
003 - IDENTIFICADOR DE NÚMERO DE CONTROL
- campo de control: SpMaBN
005 - FECHA Y HORA DE LA ÚLTIMA TRANSACCIÓN
- campo de control: 20250713061028.0
008 - ELEMENTOS DE DATO DE LONGITUD-FIJA
- campo de control de longitud fija: 000401nn ainnnaabn n aac
016 ## - NÚMERO DE CONTROL DE UNA AGENCIA BIBLIOGRÁFICA NACIONAL
- Número de control del registro: BNE20002833310
040 ## - FUENTE DE CATALOGACIÓN
- Centro catalogador/agencia de origen: SpMaBN
- Lengua de catalogación: spa
- Centro/agencia transcriptor: SpMaBN
- Normas de descripción: rdc
- Convención/Normas de encabezamiento de materia/tesauro: embne
046 ## - FECHAS CON CODIFICACIÓN ESPECIAL
- Fecha de nacimiento: 1728
- Fecha de la muerte: 1797
100 1# - ENCABEZAMIENTO-NOMBRE DE PERSONA
- Nombre de persona: Verri, Pietro,
- Fechas asociadas al nombre: 1728-1797
375 ## - GÉNERO/SEXO
- Género: Masculino
670 ## - FUENTE DE DATOS ENCONTRADOS
- Cita de la fuente: Meditazioni sull'economia politica, 1852
- Información encontrada: port. (Pietro Verri)
670 ## - FUENTE DE DATOS ENCONTRADOS
- Cita de la fuente: WWW ICCU, bibliot. ita., 29-6-2006
- Información encontrada: (Verri, Pietro <1728-1797>)
